| 000 | 02179nam a2200433 i 4500 | ||
|---|---|---|---|
| 003 | EG-ScBUE | ||
| 005 | 20250728103109.0 | ||
| 006 | a||||f ||z 00| 0 | ||
| 008 | 150702r20082004ii a f b 001 0 eng d | ||
| 020 | _a818128139X | ||
| 020 | _a9788181281395 | ||
| 040 |
_aEG-ScBUE _beng _erda _cEG-ScBUE _dEG-ScBUE |
||
| 082 | 0 | 4 |
_222 _a543 _bQUA |
| 245 | 0 | 0 |
_aQuality assurance in analytical chemistry : _btraining and teaching / _cBernard W. Wenclawiak, Michael Koch, Evsovios Hadjicostas (Eds.) |
| 250 | _aReprint edition. | ||
| 264 |
_aNew Delhi : _bSpringer (India) Private Limited, _c2008. |
||
| 300 |
_axvi, 280 pages : _billustrations ; _c24 cm + _e1 CD |
||
| 336 |
_2rdacontent _atext _btxt |
||
| 336 |
_2rdacontent _asounds _bsnd |
||
| 337 |
_2rdamedia _aaudio _bs |
||
| 337 |
_2rdamedia _aunmediated _bn |
||
| 338 |
_2rdacarrier _avolume _bnc |
||
| 338 |
_2rdacarrier _acomputer disc _bcd |
||
| 500 | _a"With more than 750 PowerPoint transparencies" -- on cover. | ||
| 500 | _aReprinted of 2004 ed. | ||
| 504 | _aIncludes bibliographical references and index. | ||
| 505 | _aGlossary of Analytical Chemistry Terms (GAT) - - Fit for Purpose A Customers View - - Accreditation - ISO/IEC 17025 - - ISO 9000:2000 Quality Management System - - Accreditation or Certification for Laboratories? - - Good Laboratory Practice - - Total Quality Management and Cost of Quality - - Quality Manual - - Basic Statistics - - Calibration and Detection Limits - - Metrology in Chemistry and Traceability of Analytical Measurement Results - - Validation of analytical methods - - Measurement Uncertainty - - Control Charts - - Certified Reference Materials - - Interlaboratory Tests. | ||
| 650 | 7 |
_2BUEsh _939325 _aChemistry, Analytic _xQuality control. |
|
| 650 | 7 |
_913137 _aChemistry, Analytic. _2BUEsh |
|
| 650 | 7 |
_939326 _aChemical laboratories _xQuality control. _2BUEsh |
|
| 651 | _2BUEsh | ||
| 653 |
_bENGGEN _cMarch2016 |
||
| 653 |
_bENGCHE _cMarch2016 |
||
| 655 | _vReading book | ||
| 700 | 1 |
_tM. Koch, _939284 _aWenclawiak, Bernd. _eeditor. |
|
| 700 | 1 |
_939291 _a Koch, Michael. _eeditor. |
|
| 700 |
_939292 _aHadjicostas, Evsovios. _eeditor. |
||
| 942 |
_2ddc _cBB |
||
| 999 |
_c20116 _d20088 |
||